Statistics for 12 x 12 Multiplikationstabell - En Minuts Sprinta

Click here to take the quiz!

General Stats

  • This quiz has been taken 2 612 times
  • The average score is 91 of 144

Answer Stats

Answer% Correct
1
100%
2
100%
4
100%
3
99%
6
99%
8
99%
5
98%
7
98%
9
98%
12
97%
10
96%
14
91%
20
90%
11
88%
16
86%
18
85%
24
84%
15
82%
30
79%
22
76%
40
70%
21
69%
36
67%
28
63%
25
62%
60
61%
27
60%
50
59%
33
57%
35
56%
32
53%
45
51%
44
50%
55
48%
48
44%
70
41%
42
39%
100
38%
80
37%
90
37%
66
33%
120
29%
49
28%
54
28%
72
28%
110
26%
56
26%
77
26%
99
25%
144
23%
88
23%
64
19%
63
18%
81
18%
121
17%
84
16%
132
15%
96
11%
108
10%

Score Distribution

Percentile by Number Answered

Percent of People with Each Score

Your Score History

You have not taken this quiz